000 00209nam a22000857a 4500
008 170209b xxu||||| |||| 00| 0 eng d
100 _92833
_aBharat Scouts
245 _aWole Cubs Book
260 _aNew Delhi
_bBS
_c2008
999 _c6050
_d6050